000 00317 a2200157 4500
001 62179
020 _a9780521712934
040 _cAnchieta - Pituba
100 _aStranks, Jeff
240 1 0 _aMore!
_lIng
245 1 0 _aMore!
300 _a143
362 0 _a2008
650 4 _aInglês e inglês antigo
942 _cBK
999 _c62179
_d62179